000 00506cam a2200145 4500500
005 20251012010447.0
041 _afre
042 _adc
100 1 0 _aLaignel-Lavastine, Alexandra
_eauthor
245 0 0 _aGitta Sereny : « Il aimait ce travail devenu une addiction »
260 _c2007.
500 _a68
786 0 _nPhilosophie magazine | 12 | 9 | 2007-09-01 | p. 14-15 | 1951-1787
856 4 1 _uhttps://shs.cairn.info/magazine-philosophie-magazine-2007-9-page-14?lang=fr&redirect-ssocas=7080
999 _c1519314
_d1519314